00457nam a2200121Ia 4500008004100000020001800041050001900059100003000078245005800108260004700166300002000213650010200233120720s9999 xx 000 0 und d a968-7524-03-0 aQA273 P35 1997 aPALACIOS GARCIA, CAROLINA aPROBABILIDAD Y ESTADISTICA / CAROLINA PALACIOS GARCIA aMEXICO : UNIVERSIDAD AMERICANA DE ACAPULCO a309 P. / 27 CM. aI. PROBABILIDADES -- ESTUDIO Y ENSEÑANZA II. PROBABILIDADES -- PROBLEMAS EJERCICIOS, ETC.ÌÌ